[Event "HUN-chT2 Erkel 1819"]
[Site "Hungary"]
[Date "2018.12.02"]
[Round "3.4"]
[White "Sillye, Kalman"]
[Black "Vrona, Mihail"]
[Result "1-0"]
[WhiteElo "2030"]
[BlackElo "1936"]
[PlyCount "89"]
[EventDate "2018.10.28"]
[EventType "team-tourn"]
[EventRounds "9"]
[EventCountry "HUN"]
[SourceTitle "EXT 2021"]
[Source "ChessBase"]
[SourceDate "2020.10.23"]
[SourceVersion "1"]
[SourceVersionDate "2020.10.23"]
[SourceQuality "1"]
[WhiteTeam "Szada GSBE"]
[BlackTeam "Fot"]
[WhiteTeamCountry "HUN"]
[BlackTeamCountry "HUN"]

1. d4 g6 2. Nf3 Bg7 3. Bf4 d6 4. e3 Nd7 5. h3 Ngf6 6. Be2 0-0 7. 0-0 c6 8. c3 Qb6 9. Qb3 Ne8 10. Bh2 h6 11. Nbd2 Kh7 12. Nc4 Qxb3 13. axb3 c5 14. dxc5 Nxc5 15. Nb6 Rb8 16. Rxa7 Be6 17. b4 Nd7 18. Nxd7 Bxd7 19. Nd4 Nc7 20. Bf3 e5 21. Nc2 d5 22. Rd1 Bc6 23. Na3 Ra8 24. Rxa8 Rxa8 25. Be2 Ba4 26. Rd2 Bb3 27. f3 Ne6 28. Nb5 Rd8 29. Kf2 h5 30. Bd1 Bxd1 31. Rxd1 g5 32. Ke2 Kg6 33. Ra1 d4 34. e4 f5 35. Ra7 Rd7 36. c4 g4 37. c5 d3+ 38. Kd1 gxf3 39. gxf3 fxe4 40. fxe4 Bh6 41. Nd6 Kf6 42. Rxb7 Rxb7 43. Nxb7 Nd4 44. Nd6 Nf3 45. c6 1-0

[Event "Harkany Tenkes Cup 42nd"]
[Site "Harkany"]
[Date "2018.11.24"]
[Round "3"]
[White "Vrona, Mihail"]
[Black "Bihercz, Gabor"]
[Result "0-1"]
[WhiteElo "1930"]
[BlackElo "2230"]
[PlyCount "36"]
[EventDate "2018.11.23"]
[EventType "swiss"]
[EventRounds "9"]
[EventCountry "HUN"]
[SourceTitle "CBM 187 Extra"]
[Source "ChessBase"]
[SourceDate "2018.11.04"]
[SourceVersion "1"]
[SourceVersionDate "2018.11.04"]
[SourceQuality "1"]

1. d4 Nf6 2. c4 c5 3. d5 b5 4. cxb5 a6 5. bxa6 Bxa6 6. Nc3 d6 7. g3 g6 8. Bg2 Bg7 9. Nf3 0-0 10. 0-0 Nbd7 11. Re1 Qa5 12. e4 Ng4 13. Qc2 Rfb8 14. Rd1 Qb4 15. a3 Qb3 16. Qxb3 Rxb3 17. h3 Nge5 18. Bf1 Nxf3+ 0-1

[Event "HUN-chT2 Erkel 1819"]
[Site "Hungary"]
[Date "2018.10.28"]
[Round "1.4"]
[White "Vrona, Mihail"]
[Black "Bokros, Istvan"]
[Result "1/2-1/2"]
[WhiteElo "1936"]
[BlackElo "2043"]
[PlyCount "98"]
[EventDate "2018.10.28"]
[EventType "team-tourn"]
[EventRounds "9"]
[EventCountry "HUN"]
[SourceTitle "EXT 2021"]
[Source "ChessBase"]
[SourceDate "2020.10.23"]
[SourceVersion "1"]
[SourceVersionDate "2020.10.23"]
[SourceQuality "1"]
[WhiteTeam "Fot"]
[BlackTeam "Pestszentlorinc"]
[WhiteTeamCountry "HUN"]
[BlackTeamCountry "HUN"]

1. d4 Nf6 2. c4 g6 3. g3 Bg7 4. Bg2 0-0 5. Nc3 d6 6. Nf3 Nc6 7. 0-0 a6 8. Bf4 Na5 9. b3 Nh5 10. Be3 c5 11. Qd2 Nc6 12. Rad1 cxd4 13. Nxd4 Bd7 14. Ne4 Rc8 15. Nxc6 Bxc6 16. Bd4 Bxd4 17. Qxd4 Qa5 18. Bh3 Rcd8 19. Nc3 Nf6 20. e4 Nd7 21. f3 Qc5 22. Nd5 Bxd5 23. exd5 f5 24. f4 Rc8 25. Rfe1 Kf7 26. Bf1 Nf6 27. Kg2 Qxd4 28. Rxd4 Ne4 29. Bd3 Nc5 30. Bf1 a5 31. Kf3 Rc7 32. g4 fxg4+ 33. Kxg4 Kg7 34. Kg3 Ra8 35. Rd2 Ra6 36. Rb2 Rb6 37. Re3 Kf7 38. h4 e6 39. dxe6+ Nxe6 40. Bg2 Ng7 41. Bd5+ Kf6 42. Kg4 h5+ 43. Kf3 Re7 44. Rbe2 Rxe3+ 45. Rxe3 Rb4 46. a3 Rb6 47. Rc3 Nf5 48. Rd3 Ne7 49. Be4 Nf5 1/2-1/2

[Event "HUN-chT2 Erkel 1718"]
[Site "Hungary"]
[Date "2018.01.28"]
[Round "7.8"]
[White "Vrona, Mihail"]
[Black "David, Mate"]
[Result "1-0"]
[WhiteElo "2017"]
[BlackElo "1923"]
[PlyCount "73"]
[EventDate "2017.09.24"]
[EventType "team-tourn"]
[EventRounds "11"]
[EventCountry "HUN"]
[SourceTitle "EXT 2021"]
[Source "ChessBase"]
[SourceDate "2020.10.23"]
[SourceVersion "1"]
[SourceVersionDate "2020.10.23"]
[SourceQuality "1"]
[WhiteTeam "Fot"]
[BlackTeam "Salgotarjan"]
[WhiteTeamCountry "HUN"]
[BlackTeamCountry "HUN"]

1. d4 d5 2. c4 c6 3. Nc3 Nf6 4. e3 Bf5 5. Nf3 Nbd7 6. Qb3 Qb6 7. Qxb6 Nxb6 8. b3 e6 9. Be2 dxc4 10. bxc4 Ne4 11. Nxe4 Bxe4 12. 0-0 Bxf3 13. gxf3 c5 14. a4 0-0-0 15. a5 Nd7 16. d5 Ne5 17. f4 Ng6 18. e4 exd5 19. Bg4+ Kc7 20. cxd5 f6 21. f5 Ne5 22. Be2 Bd6 23. f4 Nf7 24. Bb2 Rhe8 25. Bd3 c4 26. Rac1 Bc5+ 27. Kg2 cxd3 28. Rxc5+ Kb8 29. Kf3 Nd6 30. e5 b6 31. axb6 axb6 32. Rc6 fxe5 33. Bxe5 Kb7 34. Bxd6 d2 35. Rd1 Rd7 36. Rxd2 Red8 37. Rb2 1-0

[Event "HUN-chT2 Erkel 1718"]
[Site "Hungary"]
[Date "2017.11.26"]
[Round "4.8"]
[White "Hidvegi, Attila"]
[Black "Vrona, Mihail"]
[Result "1-0"]
[WhiteElo "2023"]
[BlackElo "2017"]
[PlyCount "65"]
[EventDate "2017.09.24"]
[EventType "team-tourn"]
[EventRounds "11"]
[EventCountry "HUN"]
[SourceTitle "EXT 2021"]
[Source "ChessBase"]
[SourceDate "2020.10.23"]
[SourceVersion "1"]
[SourceVersionDate "2020.10.23"]
[SourceQuality "1"]
[WhiteTeam "Pestszentlorinc"]
[BlackTeam "Fot"]
[WhiteTeamCountry "HUN"]
[BlackTeamCountry "HUN"]

1. e4 e5 2. Nf3 Nc6 3. Bb5 a6 4. Ba4 d6 5. 0-0 Bg4 6. h3 Bh5 7. c3 Nf6 8. Re1 Be7 9. d3 0-0 10. Nbd2 b5 11. Bb3 Na5 12. Bc2 c5 13. Nf1 Ne8 14. Ng3 Bg6 15. Be3 Qc7 16. Rc1 Rd8 17. Qe2 d5 18. exd5 Rxd5 19. d4 Bxc2 20. Qxc2 exd4 21. cxd4 c4 22. Nf5 Bf6 23. Qe4 Qd7 24. Ne5 Qe6 25. Bd2 Nb7 26. Qg4 Bxe5 27. Rxe5 Rxe5 28. dxe5 Kh8 29. Bb4 Rg8 30. Ne7 Qh6 31. Rd1 f5 32. Qxf5 g6 33. Nxg8 1-0

[Event "HUN-chT2 Erkel 1617"]
[Site "Hungary"]
[Date "2017.04.09"]
[Round "11.7"]
[White "Vrona, Mihail"]
[Black "Szabo, Ervin"]
[Result "1/2-1/2"]
[WhiteElo "2032"]
[BlackElo "1903"]
[PlyCount "128"]
[EventDate "2016.09.25"]
[EventType "team-tourn"]
[EventRounds "11"]
[EventCountry "HUN"]
[SourceTitle "EXT 2021"]
[Source "ChessBase"]
[SourceDate "2020.10.23"]
[SourceVersion "1"]
[SourceVersionDate "2020.10.23"]
[SourceQuality "1"]
[WhiteTeam "Fot"]
[BlackTeam "Salgotarjan"]
[WhiteTeamCountry "HUN"]
[BlackTeamCountry "HUN"]

1. d4 e6 2. c4 f5 3. Nc3 Nf6 4. g3 c6 5. Bg2 d5 6. Nf3 Bd6 7. 0-0 0-0 8. Qb3 Nbd7 9. Ng5 Qe7 10. f3 h6 11. Nh3 dxc4 12. Qxc4 Nb6 13. Qb3 Kh7 14. Nf2 e5 15. dxe5 Bxe5 16. e4 fxe4 17. Ncxe4 Bf5 18. Be3 Nbd5 19. Bc5 Qc7 20. Bxf8 Rxf8 21. Nxf6+ Bxf6 22. f4 Be6 23. Qd3+ Kg8 24. Rfe1 Bf7 25. Re2 Rd8 26. Qf3 Qb6 27. Kh1 Bd4 28. Rae1 Nf6 29. Ne4 Nxe4 30. Qxe4 Bxa2 31. Qf5 Bf7 32. Re7 Bf6 33. R7e2 Qd4 34. Be4 g6 35. Qg4 Kg7 36. b3 a5 37. h4 h5 38. Qf3 Re8 39. Kh2 Qb4 40. Bc2 Rd8 41. Rd1 Rxd1 42. Bxd1 Qd4 43. Bc2 Bd5 44. Qe3 Qb4 45. Qe8 Bf7 46. Qe4 Qc5 47. f5 Qxf5 48. Qxf5 gxf5 49. Re3 f4 50. gxf4 Bxh4 51. Kh3 Bf6 52. Bd1 h4 53. Bg4 b5 54. Be6 c5 55. Kg4 c4 56. bxc4 bxc4 57. Bxf7 Kxf7 58. Ra3 c3 59. Rxa5 Be7 60. Ra2 Ke6 61. Re2+ Kd6 62. Kf5 Bf8 63. Kg4 Be7 64. Kf5 Bf8 1/2-1/2

[Event "HUN-chT2 Erkel 1617"]
[Site "Hungary"]
[Date "2016.12.11"]
[Round "6.7"]
[White "Honsch, Pal"]
[Black "Vrona, Mihail"]
[Result "1/2-1/2"]
[WhiteElo "2037"]
[BlackElo "2032"]
[PlyCount "85"]
[EventDate "2016.09.25"]
[EventType "team-tourn"]
[EventRounds "11"]
[EventCountry "HUN"]
[SourceTitle "EXT 2021"]
[Source "ChessBase"]
[SourceDate "2020.10.23"]
[SourceVersion "1"]
[SourceVersionDate "2020.10.23"]
[SourceQuality "1"]
[WhiteTeam "Szada GSBE"]
[BlackTeam "Fot"]
[WhiteTeamCountry "HUN"]
[BlackTeamCountry "HUN"]

1. d4 Nf6 2. c4 g6 3. Nf3 Bg7 4. g3 0-0 5. Bg2 d6 6. Nc3 Nbd7 7. 0-0 e5 8. h3 h6 9. e4 Re8 10. Be3 exd4 11. Nxd4 Nc5 12. Qc2 a5 13. Rfe1 Bd7 14. Rad1 Qc8 15. Kh2 Kh7 16. b3 Re7 17. Ndb5 Na6 18. f4 Bc6 19. Bd4 Kh8 20. Qf2 Rb8 21. Na7 Qe8 22. Nxc6 bxc6 23. e5 dxe5 24. Bxe5 Ra8 25. Bxf6 Bxf6 26. Rxe7 Bxe7 27. Re1 Qd7 28. Bxc6 Qxc6 29. Rxe7 Qd6 30. Qe3 c6 31. Re8+ Rxe8 32. Qxe8+ Kg7 33. Qe5+ Qxe5 34. fxe5 Nb4 35. Kg2 Nd3 36. Ne2 Nxe5 37. Kf2 Kf6 38. Ke3 Ke6 39. g4 Kd6 40. Ke4 f6 41. Nf4 Kc5 42. a3 a4 43. bxa4 1/2-1/2

[Event "HUN-chT2 Erkel 1617"]
[Site "Hungary"]
[Date "2016.09.25"]
[Round "1.8"]
[White "Vrona, Mihail"]
[Black "Biro, Zsolt"]
[Result "1/2-1/2"]
[WhiteElo "2032"]
[BlackElo "2057"]
[PlyCount "53"]
[EventDate "2016.09.25"]
[EventType "team-tourn"]
[EventRounds "11"]
[EventCountry "HUN"]
[SourceTitle "EXT 2021"]
[Source "ChessBase"]
[SourceDate "2020.10.23"]
[SourceVersion "1"]
[SourceVersionDate "2020.10.23"]
[SourceQuality "1"]
[WhiteTeam "Fot"]
[BlackTeam "Pestszentlorinc"]
[WhiteTeamCountry "HUN"]
[BlackTeamCountry "HUN"]

1. d4 Nf6 2. c4 g6 3. g3 c6 4. Nc3 d5 5. c5 b6 6. cxb6 axb6 7. Bg2 Bg7 8. Bf4 0-0 9. Qd2 Re8 10. Nf3 Nbd7 11. Ne5 Bb7 12. 0-0 Nh5 13. Nxd7 Qxd7 14. Bh6 Bh8 15. Bf3 Ng7 16. e4 dxe4 17. Bxe4 Ne6 18. d5 Nd4 19. dxc6 Bxc6 20. f3 Rad8 21. Qf2 f5 22. Bxc6 Qxc6 23. Rac1 Qb7 24. Be3 Rd7 25. Ne2 Red8 26. Nxd4 Rxd4 27. Kg2 1/2-1/2

[Event "HUN-chT2 Erkel 1516"]
[Site "Hungary"]
[Date "2016.04.03"]
[Round "10.7"]
[White "Vass, Lajos"]
[Black "Vrona, Mihail"]
[Result "0-1"]
[WhiteElo "2114"]
[BlackElo "2017"]
[PlyCount "74"]
[EventDate "2015.09.13"]
[EventType "team-tourn"]
[EventRounds "11"]
[EventCountry "HUN"]
[SourceTitle "EXT 2017"]
[Source "ChessBase"]
[SourceDate "2016.10.25"]
[SourceVersion "1"]
[SourceVersionDate "2016.10.25"]
[SourceQuality "1"]
[WhiteTeam "Barcza BEAC"]
[BlackTeam "Foti"]
[WhiteTeamCountry "HUN"]
[BlackTeamCountry "HUN"]

1. e4 e5 2. Nf3 Nc6 3. Bb5 a6 4. Bxc6 dxc6 5. 0-0 Bd6 6. d4 exd4 7. Qxd4 f6 8. Nbd2 c5 9. Qe3 Ne7 10. e5 fxe5 11. Nxe5 Nd5 12. Qf3 Be6 13. Qh5+ Kf8 14. Ng6+ Kg8 15. Nxh8 Kxh8 16. Nf3 Nf6 17. Qh4 Qd7 18. Bg5 Rf8 19. Rad1 Qc6 20. Rfe1 Bf5 21. Bxf6 gxf6 22. Rd2 Bg6 23. Qh6 Rg8 24. Nh4 Be5 25. Nxg6+ Rxg6 26. Rd8+ Rg8 27. Rxg8+ Kxg8 28. c3 Qd6 29. g3 Qf8 30. Qh5 Qf7 31. Qg4+ Kf8 32. Qc8+ Kg7 33. Re4 h5 34. Qf5 Qg6 35. Qd7+ Qf7 36. Qd1 Qxa2 37. Qxh5 Qb1+ 0-1

[Event "HUN-chT2 Erkel 1516"]
[Site "Hungary"]
[Date "2016.03.20"]
[Round "9.6"]
[White "Koltanyi, Imre"]
[Black "Vrona, Mihail"]
[Result "0-1"]
[WhiteElo "1927"]
[BlackElo "2017"]
[PlyCount "90"]
[EventDate "2015.09.13"]
[EventType "team-tourn"]
[EventRounds "11"]
[EventCountry "HUN"]
[SourceTitle "EXT 2017"]
[Source "ChessBase"]
[SourceDate "2016.10.25"]
[SourceVersion "1"]
[SourceVersionDate "2016.10.25"]
[SourceQuality "1"]
[WhiteTeam "Paszto"]
[BlackTeam "Foti"]
[WhiteTeamCountry "HUN"]
[BlackTeamCountry "HUN"]

1. e4 e5 2. Nf3 Nc6 3. Bc4 Be7 4. d4 d6 5. h3 Nf6 6. Nc3 0-0 7. Be3 h6 8. Qd2 a6 9. 0-0-0 b5 10. Bd5 Nxd5 11. Nxd5 Nxd4 12. Bxd4 exd4 13. Nxd4 Bb7 14. Nf5 Bf6 15. Qe2 Kh7 16. h4 g6 17. Nfe3 Bg7 18. f4 c6 19. Nb4 Qf6 20. Nd3 c5 21. Ng4 Qe6 22. e5 f5 23. Nh2 c4 24. Nf2 dxe5 25. fxe5 Rad8 26. Nf3 Bxf3 27. gxf3 Bxe5 28. Kb1 Qf6 29. c3 Bg3 30. h5 g5 31. Rhf1 Rfe8 32. Qc2 Kg7 33. Rxd8 Rxd8 34. a3 Rd5 35. Rd1 Qd6 36. Rxd5 Qxd5 37. Qe2 Kf7 38. Qe3 Qe6 39. Qa7+ Ke8 40. Qa8+ Kd7 41. Qa7+ Bc7 42. Qd4+ Kc8 43. Nh3 g4 44. fxg4 fxg4 45. Nf4 Qf5+ 0-1

[Event "HUN-chT2 Erkel 1415"]
[Site "Hungary"]
[Date "2015.03.01"]
[Round "7.6"]
[White "Vrona, Mihail"]
[Black "Torok, Adam"]
[Result "1/2-1/2"]
[WhiteElo "2047"]
[BlackElo "2106"]
[PlyCount "121"]
[EventDate "2014.09.28"]
[EventType "team-tourn"]
[EventRounds "9"]
[EventCountry "HUN"]
[SourceTitle "EXT 2016"]
[Source "ChessBase"]
[SourceDate "2015.10.08"]
[SourceVersion "1"]
[SourceVersionDate "2015.10.08"]
[SourceQuality "1"]
[WhiteTeam "Fot"]
[BlackTeam "Vizugy"]
[WhiteTeamCountry "HUN"]
[BlackTeamCountry "HUN"]

1. g3 d5 2. Bg2 c6 3. d3 Bf5 4. Nc3 Nf6 5. Bg5 h6 6. Bxf6 gxf6 7. e4 dxe4 8. Nxe4 Qa5+ 9. Qd2 Qxd2+ 10. Nxd2 e6 11. 0-0-0 Bc5 12. f4 Nd7 13. Ngf3 0-0 14. Rde1 Rfe8 15. h3 Bf2 16. Ref1 Bxg3 17. Nd4 Bg6 18. Ne4 Bxf4+ 19. Rxf4 e5 20. Rh4 exd4 21. Nd6 Re6 22. Nxb7 Rb8 23. Na5 c5 24. Bd5 Re2 25. Rxh6 Kg7 26. Rh4 f5 27. Nc4 Nf6 28. Bc6 Rc8 29. Bf3 Rf2 30. Bd1 Nd5 31. Rg1 Ne3 32. Rh5 f6 33. Ne5 Ng2 34. Nxg6 Kxg6 35. Rh4 Kg5 36. Rh7 Kf4 37. Rg7 Ne3 38. h4 Re8 39. h5 Nxd1 40. Kxd1 Ree2 41. Rh1 Rd2+ 42. Ke1 Rfe2+ 43. Kf1 Rd1+ 44. Kxe2 Rxh1 45. Rxa7 Rh2+ 46. Kd1 Rxh5 47. Rf7 Ke3 48. Re7+ Kf3 49. a4 f4 50. a5 c4 51. dxc4 Rxa5 52. Kd2 Kg3 53. b4 Ra4 54. Rg7+ Kf2 55. c3 dxc3+ 56. Kxc3 Ra3+ 57. Kd4 Ke2 58. Rg2+ Kf1 59. Rg4 f3 60. Rf4 Ke2 61. Rxf6 1/2-1/2

[Event "HUN-chT2 Erkel 1314"]
[Site "Hungary"]
[Date "2014.03.23"]
[Round "9.7"]
[White "Vrona, Mihail"]
[Black "Banhazi, Istvan"]
[Result "1/2-1/2"]
[WhiteElo "2001"]
[BlackElo "2063"]
[PlyCount "81"]
[EventDate "2013.09.08"]
[EventType "team-tourn"]
[EventRounds "11"]
[EventCountry "HUN"]
[SourceTitle "EXT 2016"]
[Source "ChessBase"]
[SourceDate "2015.10.08"]
[SourceVersion "1"]
[SourceVersionDate "2015.10.08"]
[SourceQuality "1"]
[WhiteTeam "Fot"]
[BlackTeam "Budapest MAFC"]
[WhiteTeamCountry "HUN"]
[BlackTeamCountry "HUN"]

1. g3 c5 2. Bg2 Nc6 3. e4 g6 4. Nc3 Bg7 5. d3 e6 6. Be3 Nd4 7. Nge2 Ne7 8. Qd2 Qa5 9. 0-0 0-0 10. Kh1 Nxe2 11. Qxe2 Nc6 12. f4 d6 13. Rfc1 Bd7 14. Nd1 b5 15. c3 b4 16. e5 bxc3 17. Rxc3 Qd8 18. Rcc1 dxe5 19. Bxc5 Re8 20. fxe5 Nxe5 21. d4 Nc6 22. Qf2 Rc8 23. Nc3 f5 24. Nb5 Nb4 25. Nd6 Nd3 26. Qe3 Nxc1 27. Rxc1 Bc6 28. Nxe8 Bxg2+ 29. Kxg2 Qxe8 30. Bxa7 Rxc1 31. Qxc1 Qa8+ 32. d5 Qxa7 33. Qc8+ Bf8 34. dxe6 Qe3 35. Qd7 Qe2+ 36. Kh3 Qh5+ 37. Kg2 Qe2+ 38. Kh3 Qg4+ 39. Kg2 Qe2+ 40. Kh3 Qg4+ 41. Kg2 1/2-1/2

[Event "HUN-chT2 Erkel 1314"]
[Site "Hungary"]
[Date "2014.02.16"]
[Round "7.7"]
[White "Vrona, Mihail"]
[Black "Koszegi, Lajos"]
[Result "1/2-1/2"]
[WhiteElo "2001"]
[BlackElo "2081"]
[PlyCount "110"]
[EventDate "2013.09.08"]
[EventType "team-tourn"]
[EventRounds "11"]
[EventCountry "HUN"]
[SourceTitle "EXT 2016"]
[Source "ChessBase"]
[SourceDate "2015.10.08"]
[SourceVersion "1"]
[SourceVersionDate "2015.10.08"]
[SourceQuality "1"]
[WhiteTeam "Fot"]
[BlackTeam "Szada GSBE"]
[WhiteTeamCountry "HUN"]
[BlackTeamCountry "HUN"]

1. g3 g6 2. Bg2 Bg7 3. e4 c5 4. Nc3 Nc6 5. d3 e6 6. Be3 Nge7 7. Bxc5 Bxc3+ 8. bxc3 Qa5 9. Be3 Qxc3+ 10. Bd2 Qb2 11. Ne2 e5 12. 0-0 h5 13. Bc3 Qa3 14. Qd2 a5 15. d4 d6 16. f4 Bg4 17. Bf3 Rc8 18. Bxg4 hxg4 19. fxe5 dxe5 20. d5 Nd4 21. Bxd4 exd4 22. Qxd4 Kd7 23. Rab1 Qc5 24. Qxc5 Rxc5 25. Rxb7+ Ke8 26. Rb8+ Nc8 27. Nd4 Rh7 28. Nc6 Kd7 29. Rb7+ Ke8 30. Rf2 Nd6 31. Re7+ Kf8 32. Re5 Nc4 33. Rg5 Ne3 34. Ne5 Rb5 35. Nxg6+ Ke8 36. Re2 Rb1+ 37. Kf2 Nd1+ 38. Kg2 fxg6 39. Rxg4 Nc3 40. Rd2 Re7 41. d6 Nxe4 42. Rd4 Nxd6 43. Rxd6 Re2+ 44. Kf3 Rxh2 45. Rc4 Rb2 46. a4 Rbxc2 47. Rxc2 Rxc2 48. Rxg6 Rc3+ 49. Ke4 Rc4+ 50. Kf5 Rxa4 51. Ra6 Ra1 52. g4 a4 53. g5 a3 54. Kg6 a2 55. Kg7 Rg1 1/2-1/2

[Event "HUN-chT2 Erkel 1213"]
[Site "Hungary"]
[Date "2013.04.07"]
[Round "10.6"]
[White "Hevesi, Zoltan"]
[Black "Vrona, Mihail"]
[Result "1/2-1/2"]
[WhiteElo "2055"]
[BlackElo "2033"]
[PlyCount "80"]
[EventDate "2012.09.16"]
[EventType "team-tourn"]
[EventRounds "11"]
[EventCountry "HUN"]
[SourceTitle "EXT 2014"]
[Source "ChessBase"]
[SourceDate "2013.11.20"]
[SourceVersion "1"]
[SourceVersionDate "2013.11.20"]
[SourceQuality "1"]
[WhiteTeam "Mezokovesd"]
[BlackTeam "Foti"]
[WhiteTeamCountry "HUN"]
[BlackTeamCountry "HUN"]

1. d4 Nf6 2. Nf3 e6 3. g3 c5 4. Bg2 d5 5. c4 cxd4 6. cxd5 Nxd5 7. Nxd4 Bc5 8. Nb3 Bb4+ 9. Bd2 Be7 10. Nc3 Nf6 11. Bf4 0-0 12. 0-0 Nc6 13. Qxd8 Rxd8 14. Rfd1 e5 15. Be3 Bf5 16. Nc5 Rab8 17. Nxb7 Rxd1+ 18. Rxd1 Rxb7 19. Bxc6 Rxb2 20. Bxa7 h6 21. a4 Bc2 22. Ra1 Bb4 23. Nd5 Ba5 24. Nxf6+ gxf6 25. Be3 Kg7 26. Kg2 Bb3 27. Bb5 Bc2 28. Bc1 Rb3 29. Ra2 Be4+ 30. f3 Rb1 31. Be3 Bd5 32. Rc2 Bb3 33. Rc8 Bd5 34. Bc5 e4 35. g4 exf3+ 36. exf3 Rb2+ 37. Kg3 Be1+ 38. Kf4 Bd2+ 39. Kg3 Be1+ 40. Kf4 Bd2+ 1/2-1/2

[Event "HUN-chT2 Erkel 1213"]
[Site "Hungary"]
[Date "2013.03.24"]
[Round "9.6"]
[White "Vamosi, Laszlo"]
[Black "Vrona, Mihail"]
[Result "0-1"]
[WhiteElo "1931"]
[BlackElo "2033"]
[PlyCount "52"]
[EventDate "2012.09.16"]
[EventType "team-tourn"]
[EventRounds "11"]
[EventCountry "HUN"]
[SourceTitle "EXT 2014"]
[Source "ChessBase"]
[SourceDate "2013.11.20"]
[SourceVersion "1"]
[SourceVersionDate "2013.11.20"]
[SourceQuality "1"]
[WhiteTeam "Andornaktalya"]
[BlackTeam "Foti"]
[WhiteTeamCountry "HUN"]
[BlackTeamCountry "HUN"]

1. e4 e5 2. Nf3 Nc6 3. Bb5 a6 4. Ba4 d6 5. h3 f5 6. exf5 Bxf5 7. d3 Be7 8. Nc3 Nf6 9. Bb3 Na5 10. 0-0 Nxb3 11. axb3 0-0 12. Qe2 Qd7 13. Ng5 Rae8 14. Nce4 h6 15. Nf3 Qc6 16. Ng3 Bh7 17. Re1 Nd5 18. Qd2 Nf4 19. Qc3 Nxh3+ 20. Kf1 Qd7 21. Re2 Nf4 22. Re1 c6 23. Ne2 Nxg2 24. Kxg2 Qg4+ 25. Kf1 Qxf3 26. Be3 Qxe3 0-1

[Event "HUN-chT2 Erkel 1213"]
[Site "Hungary"]
[Date "2013.02.17"]
[Round "7.5"]
[White "Vrona, Mihail"]
[Black "Szabo, Janos"]
[Result "1/2-1/2"]
[WhiteElo "2033"]
[BlackElo "2125"]
[PlyCount "80"]
[EventDate "2012.09.16"]
[EventType "team-tourn"]
[EventRounds "11"]
[EventCountry "HUN"]
[SourceTitle "EXT 2014"]
[Source "ChessBase"]
[SourceDate "2013.11.20"]
[SourceVersion "1"]
[SourceVersionDate "2013.11.20"]
[SourceQuality "1"]
[WhiteTeam "Foti"]
[BlackTeam "Barcza"]
[WhiteTeamCountry "HUN"]
[BlackTeamCountry "HUN"]

1. d4 Nf6 2. Nf3 g6 3. g3 Bg7 4. Bg2 0-0 5. 0-0 d6 6. Re1 c6 7. e4 Qc7 8. c4 e5 9. d5 h6 10. Nc3 Kh7 11. Qd3 Na6 12. a3 Nc5 13. Qc2 a5 14. Be3 Na6 15. h3 Nh5 16. Nh4 Bf6 17. Nf3 Be7 18. Qd2 g5 19. Nh2 Rg8 20. Qe2 Nf4 21. Bxf4 gxf4 22. Qf3 fxg3 23. fxg3 Qb6+ 24. Qf2 Qb3 25. Kh1 Qxc4 26. Qxf7+ Rg7 27. Qf3 Bd7 28. Nf1 Rf8 29. Qe2 Qc5 30. Nd1 cxd5 31. exd5 Qc8 32. Kh2 Nc5 33. Rc1 Qe8 34. Rc3 a4 35. Rf3 Rgf7 36. Rxf7+ Rxf7 37. Nd2 Qf8 38. b4 axb3 39. Nxb3 b6 40. Qc2+ Bf5 1/2-1/2

[Event "HUN-chT2 Erkel 1213"]
[Site "Hungary"]
[Date "2012.12.02"]
[Round "5.5"]
[White "Vrona, Mihail"]
[Black "Mizsei, Janos"]
[Result "0-1"]
[WhiteElo "2033"]
[BlackElo "2108"]
[PlyCount "80"]
[EventDate "2012.09.16"]
[EventType "team-tourn"]
[EventRounds "11"]
[EventCountry "HUN"]
[SourceTitle "EXT 2014"]
[Source "ChessBase"]
[SourceDate "2013.11.20"]
[SourceVersion "1"]
[SourceVersionDate "2013.11.20"]
[SourceQuality "1"]
[WhiteTeam "Foti"]
[BlackTeam "Nagykata"]
[WhiteTeamCountry "HUN"]
[BlackTeamCountry "HUN"]

1. c4 c5 2. g3 Nc6 3. Bg2 Nf6 4. Nc3 g6 5. d3 Bg7 6. Nf3 0-0 7. 0-0 Nd4 8. e3 Nxf3+ 9. Bxf3 d6 10. Rb1 Bh3 11. Re1 Qd7 12. Nd5 Rab8 13. Bd2 b5 14. Nf4 Bg4 15. cxb5 Rxb5 16. Bc3 Rfb8 17. Be2 g5 18. Ng2 Bh3 19. Qc2 d5 20. b3 d4 21. Bd2 Nd5 22. Bf1 Nb4 23. Bxb4 cxb4 24. Rbc1 dxe3 25. Nxe3 Bc3 26. Bxh3 Qxh3 27. Re2 Rd8 28. Nc4 Qd7 29. Rd1 Rd5 30. a4 Rxd3 31. Rxd3 Qxd3 32. Qxd3 Rxd3 33. Rxe7 Bd4 34. Ne5 Rxb3 35. Nxf7 Rf3 36. Nh6+ Kf8 37. Re4 Bc5 38. Rc4 Rc3 39. Re4 b3 40. Re1 b2 0-1

[Event "HUN-chT 1112"]
[Site "Hungary"]
[Date "2012.05.06"]
[Round "10"]
[White "Vrona, Mihail"]
[Black "Emodi, Barnabas"]
[Result "0-1"]
[WhiteElo "2097"]
[BlackElo "2359"]
[PlyCount "92"]
[EventDate "2011.09.25"]
[EventType "team-tourn"]
[EventRounds "11"]
[EventCountry "HUN"]
[SourceTitle "EXT 2013"]
[Source "ChessBase"]
[SourceDate "2012.11.22"]
[SourceVersion "1"]
[SourceVersionDate "2012.11.22"]
[SourceQuality "1"]
[WhiteTeam "Tatai Honved"]
[BlackTeam "Penzugyor"]
[WhiteTeamCountry "HUN"]
[BlackTeamCountry "HUN"]

1. d4 Nf6 2. Nf3 e6 3. g3 b6 4. Bg2 Bb7 5. 0-0 Be7 6. b3 0-0 7. Bb2 c5 8. c4 cxd4 9. Bxd4 Nc6 10. Bb2 d5 11. cxd5 Nxd5 12. e4 Ndb4 13. Nbd2 Nd3 14. Bc3 Rc8 15. a3 a5 16. Ra2 Ba6 17. Nc4 b5 18. Ne3 b4 19. axb4 Ncxb4 20. Bxb4 Nxb4 21. Rd2 Qb6 22. Re1 Rfd8 23. Bf1 Rxd2 24. Nxd2 Rd8 25. Bxa6 Qxa6 26. Qe2 Qxe2 27. Rxe2 Nc6 28. Ndc4 Bb4 29. Nc2 Bc3 30. Kg2 g6 31. Re3 Bf6 32. f4 Be7 33. Kf1 Bc5 34. Rc3 Bb4 35. Re3 Rd1+ 36. Ke2 Rh1 37. h4 Rh2+ 38. Kd3 Bc5 39. Rf3 Be7 40. Re3 h5 41. Re2 Rh3 42. Re3 Bc5 43. Rf3 Ba7 44. Kc3 Rh2 45. N4e3 e5 46. Nf1 Rxc2+ 0-1

[Event "HUN-chT 1112"]
[Site "Hungary"]
[Date "2011.11.13"]
[Round "3"]
[White "Lakos, Nikoletta"]
[Black "Vrona, Mihail"]
[Result "1-0"]
[WhiteElo "2278"]
[BlackElo "2097"]
[PlyCount "75"]
[EventDate "2011.09.25"]
[EventType "team-tourn"]
[EventRounds "11"]
[EventCountry "HUN"]
[SourceTitle "EXT 2012"]
[Source "ChessBase"]
[SourceDate "2011.11.24"]
[SourceVersion "1"]
[SourceVersionDate "2011.11.24"]
[SourceQuality "1"]
[WhiteTeam "HVSE Infraplan"]
[BlackTeam "Tatai Honved"]
[WhiteTeamCountry "HUN"]
[BlackTeamCountry "HUN"]

1. e4 e5 2. Nf3 Nc6 3. Bc4 Be7 4. d4 d6 5. dxe5 dxe5 6. Qxd8+ Bxd8 7. Nc3 Nge7 8. Be3 Bg4 9. Ng5 Bh5 10. g4 Bg6 11. 0-0-0 Na5 12. Be2 h6 13. Nf3 f6 14. Nh4 Bf7 15. Nf5 0-0 16. Rxd8 Rfxd8 17. Nxe7+ Kh7 18. b3 Rd7 19. Ned5 c6 20. Nb4 b6 21. h4 g6 22. f4 exf4 23. Bxf4 Re8 24. Bf3 Kg7 25. h5 g5 26. Bg3 Rd4 27. Nd3 b5 28. e5 b4 29. Ne4 Kf8 30. Bf2 Rdd8 31. Nxf6 Re6 32. Bc5+ Kg7 33. Bxb4 Nb7 34. Be4 a5 35. Ba3 a4 36. Bf5 axb3 37. axb3 Ra8 38. Kb2 1-0